000
00247nam a2200097 a 4500
005
20140414131940.0
008
110126s19uu xx 00 eng d
050
_a
TR 372.6
_b
Il5 1998
245
_a
I like English 2 :
_b
Activity Book.
999
_c
112560
_d
112560